| 000 | 00871nam a22002057a 4500 | ||
|---|---|---|---|
| 003 | LK-CoDNM | ||
| 005 | 20241126094540.0 | ||
| 008 | 241126b |||||||| |||| 00| 0 eng d | ||
| 040 |
_aLK-CoDNM _dLK-CoDNM _eLK-CoDNM |
||
| 041 | _asin | ||
| 080 |
_aප්ර.ක _b19.d |
||
| 100 | _aඩ්බ්ලිව්.චාල්ස් ද සොවියා / ඩී.ඇම්.ඇස්.ඇස්.කවිරාහජ | ||
| 245 |
_aකවි කල්ප තරුව 1915 ජනවාරි _b6කාණ්ඩය 10අංක |
||
| 260 |
_c1914 _aපානදුර |
||
| 300 | _a1145p. : 21 cm | ||
| 650 | _aප්ර.ක19.d | ||
| 650 | _aකවි කල්ප තරුව 1915 ජනාවාරි | ||
| 650 | _aඩ්බ්ලිව්.චාල්ස් ද සොවියා / ඩී.ඇම්.ඇස්.ඇස්.කවිරාහජ | ||
| 942 | _cBK | ||
| 999 |
_c232666 _d232666 |
||